| 000 | 01080nam a22003017i 4500 | ||
|---|---|---|---|
| 999 |
_c23527 _d23527 |
||
| 003 | AR-CdUCM | ||
| 008 | 260224b20232023 pe||||| |||| 00| 0 spa d | ||
| 020 | _a978-9915-671-63-5 | ||
| 040 |
_aMUNICIPALIDAD PROVINCIAL DEL CUSCO _cBIBLIOTECA MUNICIPAL DEL CUSCO |
||
| 041 | _hspa | ||
| 082 |
_aEP / 030 _bA11 |
||
| 110 |
_aARQUETIPO GRUPO EDITORIAL S.A. _952332 |
||
| 245 |
_aEnciclopedia Manual Estudiantil Practico / _b |
||
| 260 |
_aChina : _bArquetipo Grupo Editorial _c2023 |
||
| 300 |
_a784 páginas. : _c27x20 cm. |
||
| 505 | _aBilogía y Ecología -- Clasificación de los seres vivos -- Los números naturales -- La materia -- Actividad tecnológica -- Edad media -- Antiguas civilizaciones | ||
| 650 |
_aSuelo _921395 |
||
| 650 |
_aAéreas protegidas _952333 |
||
| 650 |
_aNúmeros naturales _920995 |
||
| 650 |
_aMorfologia _915689 |
||
| 650 |
_aLa materia _932209 |
||
| 650 |
_aEl universo _926975 |
||
| 650 |
_aLa geografía _98985 |
||
| 650 |
_aEl universo _926975 |
||
| 650 |
_aAntigua Roma _952334 |
||
| 942 |
_2ddc _cLIBROS |
||
| 945 |
_apbjr _d24-02-2026 |
||